[Event "Gatineau Nez Rouge-B"]
[Site "Gatineau"]
[Date "2014.12.16"]
[Round "4"]
[White "Legare, Gilles"]
[Black "Carabineanu, Marcel"]
[Result "0-1"]
[WhiteElo "1080"]
[BlackElo "1290"]
[PlyCount "94"]
[EventDate "2014.11.25"]
[EventType "swiss"]
[EventRounds "4"]
[EventCountry "CAN"]
[SourceTitle "EXT 2016"]
[Source "ChessBase"]
[SourceDate "2015.10.08"]
[SourceVersion "1"]
[SourceVersionDate "2015.10.08"]
[SourceQuality "1"]

1. e4 e6 2. Nf3 Nf6 3. Nc3 Bb4 4. a3 Bxc3 5. Bd3 Ba5 6. b4 Bb6 7. c4 a6 8. Bb2 d6 9. Bc2 0-0 10. 0-0 e5 11. d4 exd4 12. Bxd4 Bxd4 13. Nxd4 b6 14. h3 c5 15. Nf3 Nh5 16. Qc1 Qf6 17. Qg5 Qxg5 18. Nxg5 Nd7 19. Rad1 h6 20. Nf3 Rb8 21. Rxd6 Re8 22. Nh4 cxb4 23. axb4 Nf4 24. Nf5 Nf6 25. Nxh6+ Kf8 26. Kh1 Nxe4 27. Bxe4 Rxe4 28. Ng4 Bxg4 29. hxg4 Rxc4 30. g5 Rxb4 31. Rfd1 Ne6 32. g6 Ng5 33. Kg1 fxg6 34. Rxg6 Ne4 35. Rd7 Rb1+ 36. Kh2 Re8 37. Rdxg7 Nxf2 38. Rg8+ Kf7 39. R6g7+ Kf6 40. Rg6+ Ke7 41. R6g7+ Kd8 42. Kg3 Nd3 43. Rg4 Rxg8 44. Rxg8+ Kc7 45. Rg7+ Kc6 46. Rg6+ Kb5 47. Kf3 Ne5+ 0-1

[Event "Gatineau Loisirs-B"]
[Site "Gatineau"]
[Date "2014.11.04"]
[Round "3"]
[White "Carabineanu, Marcel"]
[Black "Simard, Paul"]
[Result "1-0"]
[WhiteElo "1206"]
[BlackElo "1149"]
[PlyCount "95"]
[EventDate "2014.10.21"]
[EventType "swiss"]
[EventRounds "4"]
[EventCountry "CAN"]
[SourceTitle "EXT 2016"]
[Source "ChessBase"]
[SourceDate "2015.10.08"]
[SourceVersion "1"]
[SourceVersionDate "2015.10.08"]
[SourceQuality "1"]

1. Nf3 f5 2. Nc3 Nf6 3. d4 e6 4. Bf4 Bb4 5. Qd3 Bxc3+ 6. Qxc3 0-0 7. Qxc7 Qxc7 8. Bxc7 Na6 9. Be5 Ne4 10. a3 b6 11. e3 Bb7 12. Bd3 Rac8 13. 0-0 Nc7 14. Bxe4 Bxe4 15. Ne1 Nb5 16. a4 Nc7 17. c4 d5 18. f3 dxc4 19. fxe4 fxe4 20. Rxf8+ Kxf8 21. Nc2 Nd5 22. Kf2 Ne7 23. Bd6 Kf7 24. Bxe7 Kxe7 25. Rc1 c3 26. Na3 Rf8+ 27. Ke2 cxb2 28. Rc2 b5 29. Rxb2 a5 30. Rxb5 Rc8 31. Rxa5 Rc3 32. Nb5 Rc2+ 33. Kf1 Rd2 34. Nc3 Rd3 35. Ra7+ Kf6 36. Nxe4+ Kf5 37. Ng3+ Kg6 38. Ke2 Ra3 39. Ne4 Rb3 40. Nc5 Rb2+ 41. Kf3 Kf6 42. Ra6 Rb1 43. Rxe6+ Kf7 44. Kg4 Rf1 45. g3 g6 46. h4 Rf5 47. a5 h5+ 48. Kh3 1-0

[Event "Gatineau Commanditaires U1600"]
[Site "Gatineau"]
[Date "2014.03.04"]
[Round "2"]
[White "Simard, Paul"]
[Black "Carabineanu, Marcel"]
[Result "0-1"]
[WhiteElo "1245"]
[BlackElo "1214"]
[PlyCount "40"]
[EventDate "2014.02.25"]
[EventType "swiss"]
[EventRounds "4"]
[EventCountry "CAN"]
[SourceTitle "EXT 2022"]
[Source "ChessBase"]
[SourceDate "2021.10.06"]
[SourceVersion "1"]
[SourceVersionDate "2021.10.06"]
[SourceQuality "1"]

1. e4 e6 2. Nf3 Nc6 3. d4 d5 4. e5 f6 5. exf6 Nxf6 6. Nc3 e5 7. Nxe5 Qe7 8. Bb5 Bd7 9. 0-0 0-0-0 10. Re1 Nxe5 11. Rxe5 Qf7 12. Qf3 Bg4 13. Qd3 Bd6 14. Re1 Qh5 15. g3 Qh3 16. Bf4 Bxf4 17. gxf4 Bf3 18. Qf5+ Qxf5 19. Bf1 Qg4+ 20. Bg2 Qxg2# 0-1

[Event "Gatineau Benevoles"]
[Site "Gatineau"]
[Date "2013.12.17"]
[Round "2"]
[White "Ethier, Valori"]
[Black "Carabineanu, Marcel"]
[Result "1-0"]
[WhiteElo "1345"]
[BlackElo "1312"]
[PlyCount "41"]
[EventDate "2013.12.10"]
[EventType "swiss"]
[EventRounds "4"]
[EventCountry "CAN"]
[SourceTitle "EXT 2022"]
[Source "ChessBase"]
[SourceDate "2021.10.06"]
[SourceVersion "1"]
[SourceVersionDate "2021.10.06"]
[SourceQuality "1"]

1. e4 e5 2. Bc4 Nf6 3. d4 Bd6 4. dxe5 Bxe5 5. Nf3 Nc6 6. 0-0 Nxe4 7. Qd5 Qf6 8. Qxe4 0-0 9. Bg5 Qd6 10. Bd3 g6 11. c3 Re8 12. Qh4 b6 13. Nbd2 Bb7 14. Ne4 Qxd3 15. Bf6 h5 16. Bxe5 Nxe5 17. Nf6+ Kg7 18. Nxe8+ Rxe8 19. Qd4 Qf5 20. Nxe5 Rxe5 21. f4 1-0

[Event "Gatineau Service des Loisirs"]
[Site "Gatineau"]
[Date "2012.10.16"]
[Round "1"]
[White "Carabineanu, Marcel"]
[Black "Laurin, Jacques"]
[Result "0-1"]
[WhiteElo "1434"]
[BlackElo "1868"]
[PlyCount "40"]
[EventDate "2012.10.16"]
[EventType "swiss"]
[EventRounds "4"]
[EventCountry "CAN"]
[SourceTitle "EXT 2022"]
[Source "ChessBase"]
[SourceDate "2021.10.06"]
[SourceVersion "1"]
[SourceVersionDate "2021.10.06"]
[SourceQuality "1"]

1. e4 d6 2. Nc3 Nf6 3. h3 g6 4. Qf3 Nc6 5. a3 Bg7 6. Bc4 Nd4 7. Qd3 Nd7 8. Nf3 Nc5 9. Bxf7+ Kxf7 10. Qc4+ Be6 11. Ng5+ Ke8 12. Nxe6 Ncxe6 13. 0-0 Qd7 14. Nd5 c6 15. Ne3 b5 16. Qa2 Nf4 17. d3 Nxh3+ 18. Kh1 Rf8 19. f3 Ne2 20. Ng4 Ng3+ 0-1